000 00318nam a2200133 i 4500
001 bg
100 1 _aJANOWSKI, Mieczysław
245 0 _aProblemy kształtowania /
_cMieczysław Janowski.
260 _aSzczecin,
_c1978.
040 _cBPK
041 _apol
942 _cKS
008 s pl f |000 0 pol
999 _c18525
_d18525
856 _uhttp://koha.tu.koszalin.pl/cgi-bin/koha/opac-detail.pl?biblionumber=18525
_yKatalog online BPK